000 00758nam a2200265Ia 4500
003 OSt
005 20220918222049.0
006 a|||||r|||| 00| 0
007 ta
008 220917b |||||||| |||| 00| 0 eng d
024 _a215,568
037 _cTextual
040 _aARTS
_cARTS
_beng
041 _2eng
_aeng
082 _aQ1, 111C4;M8
100 _aOldenberg Hermann
_925624
245 0 _aReligion of the veda
_b Die religion des veda
260 _aDelhi
_bMotilal Banarsidass India
_c1993
300 _axiii,359p.
_ccm.
500 _arep. of 1988
650 _aRELIGION
700 _a Shrotri Shridhar B. Tr.
942 _hQ1, 111C4;M8
_cTEXL
_2CC
999 _c274451
_d274451